01352 2200205 4500001002100000005001500021035002000036007000300056008004100059020002200100082001400122084002000136100003100156245006200187260003400249300005000283700002400333520075700357600003201114INLIS00000000000233820260408080442 a0010-0426000016ta260408 j 1 ind  a978-602-320-474-8 a889.221.3 a889.221.3 TED t0 aTedi Siswoko ( Pengarang )1 aTaktik tiga lebah cilik /cTedi Siswoko; editor, D. Liana aSolo :bTiga Serangkai,c2020 a80 hlm :biIus,bergambar,hitam putih ;c21 cm0 aD. Liana ( Editor ) a"Aku akan memaafkan, kalau kalian telah berhasil mencari bunga abadi." "Siap. Kek. Kami mencari bunga abadi itu sampai ketemu." "Jangan kembali sebelum membawa serbuk sari bunga abadi." Kemudian, Kakek Baba meminjamkan peta menuju bunga abadi sebagai petunjuk jalan. Abe, Eba, dan Bea berjanji membawa pulang serbuk sari bunga abadi. Mereka tidak akan pulang sebelum berhasil. Perjalanan Abe, Eba, dan Bea mencari bunga abadi tidak mudah. Mereka harus menghadapi kejaran burung pemangsa serangga, hutan berkabut, dan ular yang menjaga bunga abadi. Bagaimana cara tiga lebah cilik menghadapi semua masalah yang datang? Berhasilkah mereka mengambil sari bunga abadi? Ayo, ikuti petualangan tiga lebah cilik yang seru dan menegangkan! 4aFiksi kanak-kanak indonesia